00855cam a22002297a 4500020001500000040000800015082002600023100001900049245005900068260003700127300003900164500002000203650002100223650001700244650001600261856006400277856005700341856005600398942000700454999001700461952014700478 a0071410082 cUKM00a635 MCG 2004 A039 Or.1 aJohns, Rodney.10aTurfgrass installation :bmanagement and maintenance / aNew York :bMcGraw-Hill,cc2004. axvi, 583 p. :bill., map ;c23 cm. aIncludes index. 0aTurf management. 0aTurfgrasses. 0aTurfgrasses42uhttp://www.loc.gov/catdir/description/mh051/2004295273.html42uhttp://www.loc.gov/catdir/bios/mh051/2004295273.html41uhttp://www.loc.gov/catdir/toc/mh051/2004295273.html cEK c12000d12000 0010406635_000000000000000_MCG_2004_A039_OR70960940aLBAbLBAcA039d2017-08-09o635 MCG 2004 A039 Or.pA21277r2017-08-09w2017-08-09yEK